| 000 | 00717nam a2200265Ia 4500 | ||
|---|---|---|---|
| 003 | OSt | ||
| 005 | 20221005102159.0 | ||
| 006 | a|||||r|||| 00| 0 | ||
| 007 | ta | ||
| 008 | 221004b |||||||| |||| 00| 0 eng d | ||
| 024 | _a36454 | ||
| 037 | _cTextual | ||
| 040 |
_aCRL _cCRL _beng |
||
| 041 |
_2eng _aeng |
||
| 082 | _aNA25245,45, K6 | ||
| 100 |
_aAgrawala Prithivi Kumar _9622923 |
||
| 245 | 0 | _aMathura railing pillars | |
| 260 |
_aVaranasi _bPrithivi Prakashan _c1966 |
||
| 300 |
_a28p _ccm. |
||
| 490 | _aIndian civilization series,6 | ||
| 650 | _a ARTS | ||
| 650 | _aARCHITECTURE | ||
| 942 |
_hNA25245,45, K6 _cTEXL _2cc |
||
| 999 |
_c1007990 _d1007990 |
||